000 00598nam a2200217Ia 4500
005 20241129111112.0
008 241129s9999||||xx |||||||||||||| ||und||
020 _a978-9391123192
037 _aTB
040 _aCRL
_beng
_cCRL
041 _aeng
_2eng
084 _aQ4 R2
_qCRL
100 _aChatterjee Aparna Au.
_9723311
245 0 _aBarua buddhists : lineage and cultural interface
_cChatterjee Aparna Au.
260 _aNew Delhi, India
_bShhalaj
_c2022
300 _axxiv,234p.
365 _aINR
_b1950
650 _aBuddhism
942 _cTB
_hQ4 R2
999 _c1228934
_d1228934